|
|
|
|
| LEADER |
00000nam0a2200000 4500 |
| 001 |
26638 |
| 005 |
20231030201718.0 |
| 010 |
|
|
|a 5272002326
|
| 035 |
|
|
|a (RuTPU)RU\TPU\book\26882
|
| 035 |
|
|
|a BOOK00026957
|
| 090 |
|
|
|a 26638
|
| 100 |
|
|
|a 20011209d2001 k y0rusy50 ca
|
| 101 |
1 |
|
|a rus
|c eng
|
| 102 |
|
|
|a RU
|
| 105 |
|
|
|a a z 001zy
|
| 200 |
1 |
|
|a Маркетинговые коммуникации
|e Интегрированный подход
|d Introduction to Marketing Communication
|e пер. с англ.
|f Дж. Бернет, С. Мориарти
|
| 210 |
|
|
|a СПб.
|c Питер
|d 2001
|
| 215 |
|
|
|a 860 с.
|c ил.
|
| 225 |
1 |
|
|a Маркетинг для профессионалов
|
| 320 |
|
|
|a Библиогр.: с. 821-829.
|
| 320 |
|
|
|a Глоссарий: с. 830-847.
|
| 320 |
|
|
|a Имен. указ.: с. 848.
|
| 320 |
|
|
|a Предм. указ.: с. 849-857.
|
| 320 |
|
|
|a Указ. фирм и торговых марок: с. 857-860.
|
| 330 |
|
|
|a Как организовать эффективную рекламную кампанию или ПР-акцию? Каким образом, имея ограниченный бюджет, достичь наибольшего воздействия на аудиторию? Какие средства массовой информации использовать в борьбе за потребителя? Книга, которую вы держите в руках, поможет разобраться в этих и других вопросах, касающихся продвижения товаров, услуг и идей. Авторам удалось не только комплексно и последовательно изложить имеющиеся подходы к маркетинговым коммуникациям, но и помочь читателю самостоятельно приспособиться и побеждать в постоянно меняющейся рыночной среде, свободно ориентироваться в мире продуктов, потребителей и конкурентов. Четкая структура, большое количество иллюстрированного материала и практических примеров делают книгу как увлекательным учебником для студентов, так и прекрасным руководством для маркетологов, специалистов по связям с общественностью, работников рекламных агентств.
|
| 510 |
1 |
|
|a Introduction to Marketing Communication
|z eng
|
| 610 |
1 |
|
|a экономика
|
| 610 |
1 |
|
|a реклама
|
| 610 |
1 |
|
|a паблик рилейшнз
|
| 610 |
1 |
|
|a маркетинг
|
| 610 |
1 |
|
|a маркетинговые коммуникации
|
| 610 |
1 |
|
|a товары
|
| 610 |
1 |
|
|a услуги
|
| 610 |
1 |
|
|a интегрированные маркетинговые коммуникации
|
| 610 |
1 |
|
|a сбыт
|
| 610 |
1 |
|
|a продажа
|
| 610 |
1 |
|
|a планирование
|
| 610 |
1 |
|
|a медиапланы
|
| 686 |
|
|
|a У821.4
|v LBC/SL-A
|2 rubbk
|
| 700 |
|
1 |
|a Бернет
|b Дж.
|g Джон
|
| 701 |
|
1 |
|a Мориарти
|b С.
|g Сандра
|
| 801 |
|
0 |
|a RU
|b 63413507
|c 20011209
|g PSBO
|
| 801 |
|
2 |
|a RU
|b 63413507
|c 20120605
|g PSBO
|
| 942 |
|
|
|c BK
|